| 000 | 00417cam a2200169ua 4500 | ||
|---|---|---|---|
| 020 | _cRs 75.00 | ||
| 041 |
_aeng _h |
||
| 082 |
_a539 _bSLA/MO |
||
| 100 | _aStates, John C . | ||
| 245 |
_aModern physics / _cJohn C States. _hTextual Documents |
||
| 260 |
_aNew York : _bMcGraw Hill Book Company , _c1950. |
||
| 300 | _a322 ; . | ||
| 365 | _aRs 75.00 | ||
| 504 | _a | ||
| 942 | _cBK | ||
| 999 |
_c3260 _d3260 |
||